Normal view
MARC view
Entry Topical Term
001 - CONTROL NUMBER
- control field: 37935
003 - CONTROL NUMBER IDENTIFIER
- control field: ARRUPE
005 - DATE AND TIME OF LATEST TRANSACTION
- control field: 20171204112951.0
008 - FIXED-LENGTH DATA ELEMENTS
- fixed length control field: 171204|| aca||aabn | a|a d
040 ## - CATALOGING SOURCE
- Original cataloging agency: ARRUPE
- Transcribing agency: ARRUPE
150 ## - HEADING--TOPICAL TERM
- Topical term or geographic name as entry element: Africa, Sub-Saharan
- General subdivision: Social life and customs
670 ## - SOURCE DATA FOUND
- Source citation: Work cat.: (ARRUPE)99951: Ayisi, Erico O 37933, An introduction to the study of African culture /, 1988